Countries With the Most Annual Hantavirus Cases - Statistics

General Stats
  • This quiz has been taken 16 times
  • The average score is 6 of 17
Answer Stats
# Country % Correct
8,502 China
85%
3,300 Russia
69%
101 Argentina
54%
44 Chile
46%
806 Finland
46%
157 Sweden
46%
50 Belarus
31%
50 France
31%
335 Germany
31%
43 Poland
31%
373 South Korea
31%
160 Ukraine
31%
97 Austria
23%
99 Belgium
23%
48 Bolivia
15%
154 Slovakia
8%
64 Slovenia
8%
No matching quizzes found
Score Distribution
Percent of People with Each Score
Percentile by Number Answered
Your Score History
You have not taken this quiz